El mercado público de valores en cifras / (Registro nro. 8312)

Detalles MARC
000 -LEADER
fixed length control field 00919nam a2200229Ia 4500
003 - CONTROL NUMBER IDENTIFIER
control field OSt
005 - DATE AND TIME OF LATEST TRANSACTION
control field 20210811162316.0
008 - FIXED-LENGTH DATA ELEMENTS--GENERAL INFORMATION
fixed length control field 210310s1998 ck ad fr 000 0 spa d
020 ## - INTERNATIONAL STANDARD BOOK NUMBER
International Standard Book Number 9588007100
040 ## - CATALOGING SOURCE
Original cataloging agency CO-JMCR
Transcribing agency CO-JMCR
041 0# - LANGUAGE CODE
Language code of text/sound track or separate title spa
082 04 - DEWEY DECIMAL CLASSIFICATION NUMBER
Classification number 332.6428 /
Item number S959m1
Edition number 23
110 2# - MAIN ENTRY--CORPORATE NAME
Corporate name or jurisdiction name as entry element Superintendencia de Valores
9 (RLIN) 8866
245 13 - TITLE STATEMENT
Title El mercado público de valores en cifras /
Statement of responsibility, etc. Superintendencia de Valores
260 ## - PUBLICATION, DISTRIBUTION, ETC.
Place of publication, distribution, etc. Bogotá :
Name of publisher, distributor, etc. Superintendencia de Valores,
Date of publication, distribution, etc. 1998
300 ## - PHYSICAL DESCRIPTION
Extent 271 páginas :
Other physical details ilustraciones y gráficas a blanco y negro ;
Dimensions 24 cm.
505 0# - FORMATTED CONTENTS NOTE
Formatted contents note Mercado bursátil -- Mercado accionario -- Ofertas públicas -- Registro Nacional de Valores -- Sociedades vigiladas -- Mercado mostrador -- Otras estadísticas
650 14 - SUBJECT ADDED ENTRY--TOPICAL TERM
Topical term or geographic name entry element Bolsa de valores
9 (RLIN) 16916
General subdivision Estadísticas
650 24 - SUBJECT ADDED ENTRY--TOPICAL TERM
Topical term or geographic name entry element Acciones (Bolsa)
General subdivision Estadísticas
9 (RLIN) 39300
650 24 - SUBJECT ADDED ENTRY--TOPICAL TERM
Topical term or geographic name entry element Corredores de bolsa
9 (RLIN) 39299
942 ## - ADDED ENTRY ELEMENTS (KOHA)
Source of classification or shelving scheme Dewey Decimal Classification
Koha item type Books
Existencias
Withdrawn status Lost status Source of classification or shelving scheme Damaged status Not for loan Collection code Home library Current library Date acquired Source of acquisition Full call number Barcode Date last seen Copy number Koha item type
    Dewey Decimal Classification     Non-fiction Biblioteca Pública José María del Castillo y Rada Biblioteca Pública José María del Castillo y Rada 04/15/2018 Donación 332.6428 / S959m1 430002895 05/16/2024 Ej.1 Books